| 000 -LEADER |
| fixed length control field |
00829nam a22001697a 4500 |
| 005 - DATE AND TIME OF LATEST TRANSACTION |
| control field |
20260123085718.0 |
| 008 - FIXED-LENGTH DATA ELEMENTS--GENERAL INFORMATION |
| fixed length control field |
230711b ||||| |||| 00| 0 eng d |
| 040 ## - CATALOGING SOURCE |
| Transcribing agency |
SSBUL |
| Modifying agency |
SSBUL |
| 082 ## - DEWEY DECIMAL CLASSIFICATION NUMBER |
| Edition number |
23 |
| Classification number |
၈၉၅.၈၅ |
| 245 ## - TITLE STATEMENT |
| Title |
နိုင်ငံတောငြိမ်ဝပ်ပိပြားမှုတည်ဆောက်ရေးအဖွဲ့အတွင်းရေးမှူး (၁)... / |
| 260 ## - PUBLICATION, DISTRIBUTION, ETC. |
| Place of publication, distribution, etc. |
ရန်ကုန်၊ |
| Name of publisher, distributor, etc. |
ကြေးမုံသတင်းစာတိုက်၊ |
| Date of publication, distribution, etc. |
၁၉၉၁။ |
| 300 ## - PHYSICAL DESCRIPTION |
| Extent |
၁၀၂ စာမျက်နှာ၊ |
| Dimensions |
၂၃ စင်တီ။ |
| 500 ## - GENERAL NOTE |
| General note |
S-SAT: Dr. Prof Sai Aung Tun |
| 650 ## - SUBJECT ADDED ENTRY--TOPICAL TERM |
| Topical term or geographic name entry element |
မြန်မာမိန့်ခွန်းများ။ |
| 9 (RLIN) |
27776 |
|
| Topical term or geographic name entry element |
မိန့်ခွန်းများ။ |
| 9 (RLIN) |
27777 |
| 942 ## - ADDED ENTRY ELEMENTS (KOHA) |
| Source of classification or shelving scheme |
|
| Koha item type |
Book (Short term) |